Citizenship Rights and Social Movements : A Comparative and Statistical Analysis /

En esta obra, los autores analizan la naturaleza y evolución de algunos de los movimientos ciudadanos políticos y de manera comparada entre diversos casos específicos, principalmente de América Latina. Los autores afirman que los movimientos sociales que luchan por el reconocimiento de sus derechos...

Fuld beskrivelse

Guardado en:
Bibliografiske detaljer
Hovedforfatter: Foweraker, Joe (autor)
Andre forfattere: Landman, Todd (autor) (autor)
Format: Bog
Sprog:engelsk
Udgivet: Oxford, Inglaterra : Oxford University, 1997, c1997
Serier:(Oxford Studies in Democratization)
Fag:
Tags: Tilføj Tag
Ingen Tags, Vær først til at tagge denne postø!

MARC

LEADER 00000nam^a2200000^a^4500
001 000154750
005 20250521000000.0
009 20260310100404.931
020 |a 0-19-924046-9 
037 |a Acervo ITESO - Biblioteca 
041 |a ING 
082 |a 322. 4  |b FOW 
100 |a Foweraker, Joe  |e (autor) 
245 1 0 |a Citizenship Rights and Social Movements :  |b A Comparative and Statistical Analysis /  |c J. Foweraker, T. Landman. 
264 4 |a Oxford, Inglaterra :  |b Oxford University,  |c 1997, c1997 
300 |a XXIX, 296 p. 
336 |a texto  |b txt  |2 rdacontenido 
337 |a sin mediación  |b n  |2 rdamedio 
338 |a volumen  |b nc  |2 rdasoporte 
440 1 |a (Oxford Studies in Democratization) 
520 |a En esta obra, los autores analizan la naturaleza y evolución de algunos de los movimientos ciudadanos políticos y de manera comparada entre diversos casos específicos, principalmente de América Latina. Los autores afirman que los movimientos sociales que luchan por el reconocimiento de sus derechos civiles son fundamentales para la consecución y establecimiento de la democracia. 
649 |a XX 
650 |a Democracia 
650 |a Sociedad Civil -  |x Aspectos Sociales y Culturales -  |x Tema Principal 
650 |a Movimientos Ciudadanos 
650 |a Movimientos Urbano-Populares 
650 |a Movimientos Sociales 
650 |a Participación Social 
650 |a Poder (Ciencias Sociales) 
650 |a Transición Política 
650 |a Derechos Humanos 
650 |a Derechos Civiles 
650 |a Derecho Público 
650 |a Sociedad Postindustrial 
650 |a Sociología Política 
700 |a Landman, Todd  |e (autor) 
910 |a Fondo General 
920 |a Impresos - Libros 
930 |a Colección General 
905 |a 101 
901 |a 0500086507  |b IT1  |c ACC  |u 20250521 
902 |a https://opac.biblio.iteso.mx/vufind/Record/000154750